000 00627nam a2200217Ia 4500
005 20260213095803.0
008 131103s9999 xx 000 0 und d
020 _cRs.200
040 _aLoreto College
041 _aEnglish
082 _a891.431/MUK-NAW
_bLCLIB/37703
100 _aNawal,Nand Kishore
245 _aMuktibodh
_bGyan aur samvedana
_cNand Kishore Nawal
260 _aNew Delhi
_bRajkamal Prakasan
_c1993
300 _a492 p.
630 _aMuktibodh Criticism
650 _aMuktibodh
651 _aHindi poetry - Criticism and interpretation
850 _aLCLIB/891.431/MUK-NAW
_bHinSemLib
942 _cBK
999 _c17938
_d68417